000 00867nam a22002297a 4500
003 dpl
005 20180309152054.0
008 180309b xxu||||| |||| 00| 0 eng d
020 _c650.00
_a9789350359396
035 _aB-663868
040 _adpl
_bEnglish
_cdpl
082 1 4 _a344.5401
100 1 _aAvtar Singh
245 _aIntroduction to labour and industrial laws/
_cby Avtar Singh [and] Harpreet Kaur
260 _aGurgaon
_bLexisNexis
_c2017
270 _a14th floor, building no 10, tower-b,DLF cyber city, phase-II
_bGurgaon
300 _alxvi, 1025p
_c24cm (pbk)
500 _aincludes index
700 _aKaur, Harpreet
942 _adpl
_cEN
_2ddc
_h344.5401
_mAVT
999 _c150304
_d150304